000
00239nam a22001097a 4500
999
_c
260878
_d
260877
020
_a
9781419740800
100
_a
Shannon Doleski
245
_a
Mary Underwater
260
_a
New York
_b
Amulet Books
_c
2020
300
_a
219 pgs
942
_c
BK